000 00449nam a22001337a 4500
999 _c522902
_d522902
008 230612b ||||| |||| 00| 0 eng d
100 _aHussain, Meher F.
_941794
245 _aEducation culture and inclusion: Rereading the contributions of Mohammad Mujheeb in the making of Jamia Millia Islamia
260 _aSocial Scientist
300 _a51(1-2), Jan-Feb, 2023: p.57-66
773 _aSocial Scientist
906 _aEDUCATION
942 _cAR